Сравнительное изучение концепта "обладание" во французском, английском и русском языках через рассмотрение соответствующих этимологических гнезд (к постановке проблемы); Молодой ученый; № 3-2
| Parent link: | Молодой ученый: ежемесячный научный журнал.— , 2008- № 3-2.— 2011.— [С. 34-36] |
|---|---|
| Glavni avtor: | |
| Drugi avtorji: | |
| Izvleček: | Заглавие с экрана Режим доступа: по договору с организацией-держателем ресурса |
| Jezik: | ruščina |
| Izdano: |
2011
|
| Serija: | Филология |
| Teme: | |
| Online dostop: | http://www.moluch.ru/archive/26/2868/ http://elibrary.ru/item.asp?id=16367208& |
| Format: | Elektronski Book Chapter |
| KOHA link: | https://koha.lib.tpu.ru/cgi-bin/koha/opac-detail.pl?biblionumber=642445 |
MARC
| LEADER | 00000nla0a2200000 4500 | ||
|---|---|---|---|
| 001 | 642445 | ||
| 005 | 20250204144722.0 | ||
| 035 | |a (RuTPU)RU\TPU\network\7402 | ||
| 035 | |a RU\TPU\network\7396 | ||
| 090 | |a 642445 | ||
| 100 | |a 20150625d2011 k||y0rusy50 ca | ||
| 101 | 0 | |a rus | |
| 102 | |a RU | ||
| 135 | |a drcn ---uucaa | ||
| 181 | 0 | |a i | |
| 182 | 0 | |a b | |
| 200 | 1 | |a Сравнительное изучение концепта "обладание" во французском, английском и русском языках через рассмотрение соответствующих этимологических гнезд (к постановке проблемы) |f А. Э. Сенцов, А. М. Коваленко | |
| 203 | |a Текст |c электронный | ||
| 225 | 1 | |a Филология | |
| 300 | |a Заглавие с экрана | ||
| 320 | |a [Библиогр.: с. 36 (6 назв.)] | ||
| 333 | |a Режим доступа: по договору с организацией-держателем ресурса | ||
| 461 | |t Молодой ученый |o ежемесячный научный журнал |d 2008- | ||
| 463 | |t № 3-2 |v [С. 34-36] |d 2011 | ||
| 610 | 1 | |a электронный ресурс | |
| 610 | 1 | |a труды учёных ТПУ | |
| 610 | 1 | |a концепт "обладание" | |
| 610 | 1 | |a сравнительное изучение | |
| 610 | 1 | |a языки | |
| 610 | 1 | |a этимологические гнезда | |
| 700 | 1 | |a Сенцов |b А. Э. |c лингвист |c доцент Томского политехнического университета, кандидат политических наук |f 1983- |g Аркадий Эдуардович |3 (RuTPU)RU\TPU\pers\27933 | |
| 701 | 1 | |a Коваленко |b А. М. |c российский учёный в области немецкого языка |c старший преподаватель Томского политехнического университета |f 1983- |g Анна Михайловна |3 (RuTPU)RU\TPU\pers\28731 | |
| 801 | 2 | |a RU |b 63413507 |c 20150625 |g RCR | |
| 856 | 4 | 0 | |u http://www.moluch.ru/archive/26/2868/ |
| 856 | 4 | 0 | |u http://elibrary.ru/item.asp?id=16367208& |
| 942 | |c CF | ||